[Event "FAI-ch"]
[Site "Sandavagur"]
[Date "2024.03.25"]
[Round "3"]
[White "Gregersen, Einar"]
[Black "Petersen, Terji"]
[Result "0-1"]
[WhiteElo "1897"]
[BlackElo "2040"]
[PlyCount "56"]
[EventDate "2024.03.23"]
[EventType "tourn"]
[EventRounds "7"]
[EventCountry "FAI"]
[SourceTitle "CB14_2024"]
[SourceDate "2024.04.01"]
[SourceVersion "1"]
[SourceVersionDate "2024.04.01"]
[SourceQuality "1"]

1. e4 c5 2. Nf3 d6 3. d4 cxd4 4. Nxd4 Nf6 5. Nc3 a6 6. f4 e5 7. Nf3 exf4 8. Bxf4 Qb6 9. Qd2 Qxb2 10. Rd1 Be7 11. Na4 Qxa2 12. Nb6 Nxe4 13. Qd4 Nc6 14. Qe3 Qa5+ 15. Nd2 d5 16. Nxd5 Qxd5 17. Nxe4 Qa5+ 18. c3 0-0 19. Bc4 Bd8 20. Bd6 Bb6 21. Qf3 Bf5 22. Bxf8 Rxf8 23. Nd6 Qe5+ 24. Kf1 Be6 25. g4 Bc7 26. Qg3 Bxd6 27. Bxe6 fxe6+ 28. Kg2 Qe4+ 0-1

[Event "Reykjavik op"]
[Site "Reykjavik"]
[Date "2023.03.29"]
[Round "1"]
[White "Gregersen, Einar"]
[Black "Saliba, Karl"]
[Result "1-0"]
[WhiteElo "1894"]
[BlackElo "1570"]
[PlyCount "37"]
[EventDate "2023.03.29"]
[EventType "swiss"]
[EventRounds "9"]
[EventCountry "ISL"]
[SourceTitle "CBM 213 Extra"]
[Source "ChessBase"]
[SourceDate "2023.05.31"]
[SourceVersion "1"]
[SourceVersionDate "2023.05.31"]
[SourceQuality "1"]

1. e4 e5 2. Nf3 Nc6 3. Bb5 a6 4. Ba4 Nf6 5. 0-0 b5 6. Bb3 Bc5 7. d3 d6 8. a4 Rb8 9. axb5 axb5 10. h3 h6 11. Nc3 g5 12. Ne2 g4 13. hxg4 Bxg4 14. Nh2 Qd7 15. Be3 Bxe3 16. fxe3 Ke7 17. Qe1 Rhg8 18. Qh4 Rg6 19. Rxf6 1-0

[Event "FAI-chT2 2021"]
[Site "Faroe Islands"]
[Date "2020.10.11"]
[Round "2.3"]
[White "Hansen, Hanus Ingi"]
[Black "Gregersen, Einar"]
[Result "1-0"]
[WhiteElo "1728"]
[BlackElo "1758"]
[PlyCount "53"]
[EventDate "2020.10.04"]
[EventType "team-tourn"]
[EventRounds "10"]
[EventCountry "FAI"]
[SourceTitle "EXT 2022"]
[Source "ChessBase"]
[SourceDate "2021.10.06"]
[SourceVersion "1"]
[SourceVersionDate "2021.10.06"]
[SourceQuality "1"]
[WhiteTeam "Vestmanna"]
[BlackTeam "Klaksvik III"]
[WhiteTeamCountry "FAI"]
[BlackTeamCountry "FAI"]

1. d4 Nf6 2. Bf4 g6 3. Nc3 Bg7 4. e4 d6 5. Qd2 0-0 6. 0-0-0 Re8 7. Bh6 Bh8 8. h4 c6 9. h5 Qa5 10. hxg6 hxg6 11. f3 e5 12. dxe5 dxe5 13. Bc4 b5 14. Bb3 c5 15. Bg5 Nbd7 16. Rxh8+ Kxh8 17. Bxf7 Rf8 18. Bxf6+ Nxf6 19. Qh6+ Nh7 20. Bxg6 Qc7 21. Bxh7 Qg7 22. Rd6 Qxh6+ 23. Rxh6 Kg7 24. Rh5 Bd7 25. Bf5 Bxf5 26. Rxf5 Rh8 27. Rxe5 1-0